00874cam a2200289 a 450000100060000000300080000600500170001400800410003103500190007203500110009104000310010204100110013308200180014410000210016224501540018326000320033730000270036949000210039650000510041750400300046860000150049860000150051365000110052865000150053983000070055483000230056129920BD-RjUL20211209051500.0140408s1968 ne b 000 0 eng d a(BD-RjUL)30005 a139157 aLCbengcLCdVMOUdBD-RjUL1 aengger04a166bPAA 19681 aPatzig, Gunther.10aAristotle's theory of the syllogism :bA logico-philological study of book A of the Prior analytics /cTranslated from the German by Jonathan Barnes. aDordrecht,bD. Reidelc1968 axvii, 219 p. ;c23 cm.1 aSynthese library aTranslation of Die Aristotelische Syllogistik. aBibliography: p. 204-208.00aAristotle.04aAristotle. 0aLogic. 0aSyllogism. 0v16 0aSynthese library ;